Grafschaften Englands - Karten-Quiz - Statistiken

Allgemein
  • Dieses Quiz wurde 60 mal gespielt
  • Das Durchschnittsergebnis liegt bei 19 aus 47
Antworten auf der Karte
Die Antworten werden auf der Karte rot bzw. grün angezeigt, abhängig davon wie oft sie richtig erraten wurden.
 
Antwortstatistiken
Antwort % Korrekt
Cornwall
83%
Isle of Wight
74%
Devon
63%
Dorset
63%
East Sussex
63%
Kent
63%
West Sussex
57%
Cumbria
54%
Greater London
54%
Norfolk
54%
City of Bristol
51%
Suffolk
51%
East Riding of Yorkshire
49%
Gloucestershire
46%
Merseyside
46%
Northumberland
46%
Somerset
46%
Essex
43%
Lincolnshire
43%
North Yorkshire
43%
South Yorkshire
43%
Greater Manchester
40%
Surrey
40%
Tyne and Wear
40%
Berkshire
37%
Buckinghamshire
37%
Hampshire
37%
Rutland
37%
West Midlands
37%
West Yorkshire
37%
Cambridgeshire
34%
Oxfordshire
34%
Shropshire
34%
Warwickshire
34%
Cheshire
31%
Derbyshire
29%
Lancashire
29%
Nottinghamshire
29%
Durham
26%
Wiltshire
26%
Hertfordshire
23%
Worcestershire
23%
Staffordshire
20%
Herefordshire
17%
Leicestershire
17%
Northamptonshire
14%
Bedfordshire
11%
Keine übereinstimmenden Quizze gefunden
Verteilung der Resultate
Anzahl Personen mit jedem Resultat
Perzentil nach korrekt beantworteten Fragen
Ihre Resultats-Entwicklung
Sie haben dieses Quiz noch nicht gespielt